00391nam a2200145Ia 4500008004100000041000800041082001500049100002400064245006400088260004200152300001200194365000700206650001400213650001800227210719s2012 xx 000 0 und d aeng a305.4 STAA aST ALOYSIUS COLLEGE aAloysiabJoy and celberation of 25 years of womens presence aMangalorebSt Aloysisus Collegec2012 a110bPB cRs aSociology aWomen Studies